000 00476nam a2200181Ia 4500
008 230917s9999||||xx |||||||||||||| ||und||
020 _cRS759
040 _e228881
_aMAIN
041 _aEnglish
082 _a510.2462 K889A(10)
100 _aKreyszig, Erwin
245 0 _aAdvanced engineering mathematics
250 _a10th ed.
260 _aNew Delhi
_bWiley India
_c2015
300 _av. p.
500 _a2163 12/10/2015 HBD15/1194 16/12/2015 Main Budget
942 _cBK
999 _c16454
_d16454